[Event "Franciacorta op 1st"]
[Site "Castelli Calepio"]
[Date "2007.04.28"]
[Round "1"]
[White "Brunello, Marina"]
[Black "Tonelli, Gianfranco"]
[Result "1-0"]
[WhiteElo "1924"]
[BlackElo "1510"]
[PlyCount "61"]
[EventDate "2007.04.28"]
[EventType "swiss"]
[EventRounds "3"]
[EventCountry "ITA"]
[SourceTitle "EXT 2010"]
[Source "ChessBase"]
[SourceDate "2010.11.25"]
[SourceVersion "1"]
[SourceVersionDate "2010.11.25"]
[SourceQuality "1"]

1. e4 e6 2. d4 c5 3. Nf3 cxd4 4. Nxd4 Bc5 5. Be3 Qb6 6. b3 Nc6 7. c3 a6 8. Nc2 Nf6 9. Bd3 0-0 10. 0-0 d5 11. exd5 exd5 12. Bxc5 Qxc5 13. Nd4 Bg4 14. Qd2 Ne4 15. Bxe4 dxe4 16. Nxc6 Qxc6 17. c4 Rad8 18. Qf4 Qg6 19. Nc3 Rfe8 20. Rfe1 Rd3 21. Nxe4 Bf3 22. Nf6+ gxf6 23. Rxe8+ Kg7 24. Qg3 Qxg3 25. hxg3 Bc6 26. Re2 Bd7 27. f3 Kg6 28. Kf2 Kg5 29. Rc1 h5 30. Rcc2 Rd1 31. Rcd2 1-0